000 00488nam a22001937a 4500
003 NUST - PNEC
005 20170116180754.0
008 150331b xxu||||| |||| 00| 0 eng d
020 _a-
040 _cLIBRARY
082 _a297 HAM
100 _91956
_aHamidullah Dr.
245 _aIntroduction to Islam
_cDr. Hamidullah
250 _a-
260 _aKarachi:
_bIslamic Publishing House,
_cc1991.
300 _a259 p. :
_c20 cm.
650 _91959
_aIslam
_xGeneral
942 _2ddc
_cBK
999 _c62679
_d62679